Morava v časech markraběte Jošta

Titel: Morava v časech markraběte Jošta : k 600. výročí zvolení posledního Lucemburka z moravské větve římským králem a jeho úmrtí / Libor Jan
Verfasser:
Ausgabe: Vyd. 1.
Veröffentlicht: Brno : Matice moravská, 2012
Umfang: 209 Seiten : Illustrationen, Karten
Format: Buch
Sprache: Tschechisch
Schlagworte:
ISBN: 9788086488936
Buchumschlag
X
Lokale Klassifikation: 2 J 897 ; 23 7 D
alg: 31395677
001A    $03004:07-12-12 
001B    $01999:15-02-25 $t17:31:07.000 
001D    $00026:21-03-13 
001U    $0utf8 
001X    $00 
002@    $0Aau 
002C    $aText $btxt $2rdacontent 
002C    $aunbewegtes Bild $bsti $2rdacontent 
002D    $aohne Hilfsmittel zu benutzen $bn $2rdamedia 
002E    $aBand $bnc $2rdacarrier 
003@    $0313956774 
004A    $A978-80-86488-93-6 
007A    $0313956774 $aHEB 
007G    $0DE013EA0DEEFD5D46F58AC1257B090045CE95 
009P    $qapplication/pdf $A2 $3Inhaltsverzeichnis $uhttp://scans.hebis.de/HEBCGI/show.pl?31395677_toc.pdf $mV:DE-603;B:DE-26 
010@    $acze 
011@    $a2012 
013D    $#Beiträge Formschlagwort $#Einzelbeiträge $#Sammelwerk Formschlagwort $74143413-4 $8Aufsatzsammlung [Ts1] $9085562742 
021A    $aMorava v časech markraběte Jošta $dk 600. výročí zvolení posledního Lucemburka z moravské větve římským králem a jeho úmrtí $hLibor Jan 
027A    $aMoravia in the times of Margrave Jobst 
028A    $BVerfasser $#Libor, Jan $4aut $7143452363 $8Jan, Libor$Z1960- [Tp1] $9230876463 
032@    $aVyd. 1. 
033A    $pBrno $nMatice moravská 
034D    $a209 Seiten 
034M    $aIllustrationen, Karten 
044K    $#Jost  $#Jodokus  $#Jodok  $#Jobst  $#Jošt Moravský $#Jošt Lucemburský $#Jodokus Moravský $#Jobst Moravsky $#Markrabí Jošt $#Markrabě Jošt $#Moravský Markrabě Jošt $#Jodok  $712930963X $8$PJobst$lMähren, Markgraf$Z1354-1411 [Tp1] $9123238366 
044K    $RBöhmische Länder $RMähren-Schlesien $#Mähren $#Markgrafschaft Mähren $#Kronland Mähren $#Morava $#Markrabství Moravské $#Moravia $#Mehren $#מעהרין $#מדינת מעהרין $74074432-2 $8Mähren [Tg1] $9085209619 
045F    $a900.9437109023 $eDDC23BSB 
045F/01 $a900 
045F/03 $f09023 
045F/03 $f09024 
045F/03 $g4371 
045R    $aGeschichte 1375-1411 
046L    $aZusammenfassung in englischer Sprache : Moravia in the times of Margrave Jobst 

lok: 31395677 24
101B    $014-05-13 $t15:20:00.000 
101C    $014-05-13 
101U    $0utf8 
145Z/01 $a2 J 897 
145Z/02 $a23 7 D 

exp: 31395677 24 1 #EPN
201B/01 $014-05-13 $t15:18:57.000 
201C/01 $007-12-12 
201U/01 $0utf8 
203@/01 $0659270951 
208@/01 $a14-05-13 $bz 
209A/01 $a12.09162 $du $f050 $h12 09162 $x00 
209C/01 $a12.09162 K $h12 09162 K 
209G/01 $a72951867 $x00 
220C/01 $akon 
244Z/01 $#Jost  $#Jodokus  $#Jodok  $#Jobst  $#Jošt Moravský $#Jošt Lucemburský $#Jodokus Moravský $#Jobst Moravsky $#Markrabí Jošt $#Markrabě Jošt $#Moravský Markrabě Jošt $#Jodok  $712930963X $8--Tp1--$PJobst$lMähren, Markgraf$Z1354-1411 $x01 $9123238366 
247C/01 $8358050-7 Marburg, Bibliothek des Herder-Instituts Marburg $9102600961 

lok: 31395677 78

exp: 31395677 78 1 #EPN
201B/01 $008-11-19 $t15:00:48.000 
201C/01 $008-11-19 
201U/01 $0utf8 
203@/01 $01068504188 
208@/01 $a08-11-19 $be 
209A/01 $a/ $f000 $x00 
209A/01 $ab*p $x01 
220C/01 $apgar 
244Z/01 $#Böhmische Kronländer $#Länder der Böhmischen Krone $#Sudetenland $#Böhmen $#Mähren $#Mährisch-Schlesien $#Österreichisch-Schlesien $#Tschechische Sozialistische Republik Böhmische Länder $#Tschechei Böhmische Länder $#Země koruny české $74069573-6 $8--Tg1--Böhmische Länder $x01 $9085195553 
247C/01 $82080>Marburg/Lahn, Herder-Institut, Forschungsbibliothek, Bibliographieportal $9336309341 

lok: 31395677 204

exp: 31395677 204 1 #EPN
201B/01 $021-03-13 $t13:20:11.000 
201C/01 $015-01-13 
201U/01 $0utf8 
203@/01 $0660510162 
208@/01 $a15-01-13 $bzUB 
209A/01 $aFH his Hg 3.15 $du $f000 $hfh his hg 3 15 $x00 
209G/01 $a61471774 $x00 
245S/01 $a10200 $x01 
247C/01 $8631000-x <26>Gießen, Universität Gießen, Universitätsbibliothek Gießen $9102596697
LEADER 00000cam a2200000 c 4500
001 313956774
003 DE-603
005 20250215173107.0
007 tu
008 121207s2012 xx |||| | u00||u|cze c
020 |a 9788086488936 
035 |a (DE-599)HEB313956774 
040 |a DE-603  |b ger  |c DE-603  |d DE-603 
041 |a cze 
082 0 4 |8 1\u  |a 900.9437109023  |q DE-101  |2 23/BSB 
085 |8 1\u  |b 900 
085 |8 1\u  |z 1  |s 09023 
085 |8 1\u  |z 1  |s 09024 
085 |8 1\u  |z 2  |s 4371 
100 1 |a Jan, Libor  |d 1960-  |e Verfasser  |4 aut  |0 (DE-603)230876463  |0 (DE-588)143452363  |2 gnd 
245 0 0 |a Morava v časech markraběte Jošta  |b k 600. výročí zvolení posledního Lucemburka z moravské větve římským králem a jeho úmrtí  |c Libor Jan 
246 1 3 |a Moravia in the times of Margrave Jobst 
250 |a Vyd. 1. 
264 1 |a Brno  |b Matice moravská  |c 2012 
300 |a 209 Seiten  |b Illustrationen, Karten 
336 |a Text  |b txt  |2 rdacontent 
336 |a unbewegtes Bild  |b sti  |2 rdacontent 
337 |a ohne Hilfsmittel zu benutzen  |b n  |2 rdamedia 
338 |a Band  |b nc  |2 rdacarrier 
546 |a Zusammenfassung in englischer Sprache : Moravia in the times of Margrave Jobst 
600 0 7 |a Jobst  |c Mähren, Markgraf  |d 1354-1411  |0 (DE-588)12930963X  |0 (DE-603)123238366  |2 gnd 
648 7 |a Geschichte 1375-1411  |2 gnd 
651 7 |a Mähren  |0 (DE-588)4074432-2  |0 (DE-603)085209619  |2 gnd 
655 7 |a Aufsatzsammlung  |2 gnd-content  |0 (DE-588)4143413-4  |0 (DE-603)085562742 
856 4 2 |m V:DE-603;B:DE-26  |q application/pdf  |u http://scans.hebis.de/HEBCGI/show.pl?31395677_toc.pdf  |3 Inhaltsverzeichnis 
924 0 |9 Mb 50  |a (DE-603)659270951  |b DE-Mb50  |c HES  |d c  |g 12.09162 
924 0 |9 2080  |a (DE-603)1068504188  |b DE-2080  |c HES  |d d  |g / 
924 0 |9 26  |a (DE-603)660510162  |b DE-26  |c HES  |d c  |g FH his Hg 3.15